| 000 | 00737nam a22002057a 4500 | ||
|---|---|---|---|
| 005 | 20100802144517.0 | ||
| 010 | _aENG-97696 | ||
| 020 |
_a9788190951043 _c100.00 |
||
| 035 | _aEN-81229 | ||
| 037 | _bDBAD/PUB | ||
| 082 | _a332.6 | ||
| 100 |
_aMythily, M. _94318 |
||
| 245 |
_aInvestment management / _cby M. Mythily |
||
| 260 |
_aT.V.Malai Dist. _bDevi Publications _c2009 |
||
| 270 |
_aBramin St, Villanellur Village, Mel Nemeli Post, Via-Vallam(Arni) Vandavasi Tk. _e604505 |
||
| 300 |
_a91p. _c21cm (pbk) |
||
| 650 |
_aInvestment _94319 |
||
| 942 |
_2ddc _cEN _h332.6 _mMYT |
||
| 999 |
_c38698 _d38698 |
||